Falling into greatness / (Record no. 730)

MARC details
000 -LEADER
fixed length control field 01322cam a2200289 a 4500
001 - CONTROL NUMBER
control field 10349114
003 - CONTROL NUMBER IDENTIFIER
control field OCoLC
005 - DATE AND TIME OF LATEST TRANSACTION
control field 20180823125038.0
008 - FIXED-LENGTH DATA ELEMENTS--GENERAL INFORMATION
fixed length control field 840105s1984 tnu b 000 0 eng
010 ## - LIBRARY OF CONGRESS CONTROL NUMBER
LC control number 84001946
020 ## - INTERNATIONAL STANDARD BOOK NUMBER
International Standard Book Number 0840753268 :
Terms of availability $11.95
020 ## - INTERNATIONAL STANDARD BOOK NUMBER
International Standard Book Number 9780840753267
035 ## - SYSTEM CONTROL NUMBER
System control number (OCoLC)10349114
040 ## - CATALOGING SOURCE
Original cataloging agency DLC
Transcribing agency DLC
Modifying agency YDXCP
-- OKR
-- P4I
050 00 - LIBRARY OF CONGRESS CALL NUMBER
Classification number BS1430.2
Item number .O36 1984
082 0# - DEWEY DECIMAL CLASSIFICATION NUMBER
Classification number 223.2
Edition number 19
Item number O347F
092 ## - LOCALLY ASSIGNED DEWEY CALL NUMBER (OCLC)
Classification number 232.206
Item number O348
100 1# - MAIN ENTRY--PERSONAL NAME
Personal name Ogilvie, Lloyd John.
245 10 - TITLE STATEMENT
Title Falling into greatness /
Statement of responsibility, etc. by Lloyd John Ogilvie.
260 ## - PUBLICATION, DISTRIBUTION, ETC.
Place of publication, distribution, etc. Nashville :
Name of publisher, distributor, etc. T. Nelson,
Date of publication, distribution, etc. c1984.
300 ## - PHYSICAL DESCRIPTION
Extent 220 p. ;
Dimensions 24 cm.
504 ## - BIBLIOGRAPHY, ETC. NOTE
Bibliography, etc. note Includes bibliographical references.
505 0# - FORMATTED CONTENTS NOTE
Formatted contents note The secret of lasting joy -- Living at full potential -- The apple of God's eye -- A seven-day experiment in trust -- You don't need more faith! -- When God seems absent -- Triumph in trouble -- Lord, get me out of this! -- How to receive power -- Confusing comparisons -- Adventuresome living -- Eternal security -- Have a great day! -- A case for gladness -- Rejuvenated exuberance -- take a larger gift -- Let God help you! -- God is there to meet you -- Falling into greatness.
630 00 - SUBJECT ADDED ENTRY--UNIFORM TITLE
Uniform title Bible.
Name of part/section of a work O.T.
-- Psalms
General subdivision Criticism, interpretation, etc.
650 #0 - SUBJECT ADDED ENTRY--TOPICAL TERM
Topical term or geographic name entry element Christian life
General subdivision Presbyterian authors.
942 ## - ADDED ENTRY ELEMENTS (KOHA)
Source of classification or shelving scheme Dewey Decimal Classification
Koha item type Books
Holdings
Withdrawn status Lost status Source of classification or shelving scheme Damaged status Not for loan Collection code Home library Current library Shelving location Date acquired Total Checkouts Full call number Barcode Date last seen Price effective from Koha item type
    Dewey Decimal Classification     Non-fiction Harvest Mission College Harvest Mission College General Stacks 23.08.2018   223.2 O347F 000256 23.08.2018 23.08.2018 Books
    Dewey Decimal Classification     Non-fiction Harvest Mission College Harvest Mission College General Stacks 23.08.2018   223.2 O347F 001061 23.08.2018 23.08.2018 Books
    Dewey Decimal Classification     Non-fiction Harvest Mission College Harvest Mission College General Stacks 23.08.2018   223.2 O347F 000255 23.08.2018 23.08.2018 Books
    Dewey Decimal Classification     Non-fiction Harvest Mission College Harvest Mission College General Stacks 23.08.2018   223.2 O347F 002373 23.08.2018 23.08.2018 Books

OPAC Designed and Maintained by HMC Library Team.
Copyright © HMC Library,Greater Noida, UP.
For any Suggestions/Query Contact library via Email:libhmc@gmail.com